000 00424nam a2200181Ia 4500
003 OSt
005 20230518151936.0
008 210210b1922 xxu||||| |||| 00| 0 eng d
040 _cAL
041 _aeng
082 _a822/1065
100 _aSAINTSBURY (G)
_9108684
245 _aLetter book
260 _aLondon
_bG Bell and Sons Limited
_c1922
690 _aEnglish Prose
_9108685
906 _a013248
942 _2ddc
_cBK
999 _c132106
_d132106